书目信息 |
| 题名: |
证据法基本问题的新探索
|
|
| 作者: | 周成泓 著 | |
| 分册: | ||
| 出版信息: | 北京 法律出版社 2015.12 |
|
| 页数: | 387页 | |
| 开本: | 22cm | |
| 丛书名: | ||
| 单 册: | ||
| 中图分类: | D925.013 | |
| 科图分类: | ||
| 主题词: | 法律--中国 | |
| 电子资源: | ||
| ISBN: | 7-5118-8783-X | |
| 000 | 00572nam0 2200193 450 | |
| 001 | 1871850241 | |
| 005 | 20181213195843.86 | |
| 010 | @a7-5118-8783-X@dCNY45.00 | |
| 100 | @a20181213d2015 km y0chiy0120 ea | |
| 101 | 0 | @achi |
| 102 | @aCN@b110000 | |
| 200 | 1 | @a证据法基本问题的新探索@Azheng ju fa ji ben wen ti de xin tan suo@f周成泓著@Fzhou cheng hong zhu |
| 210 | @a北京@c法律出版社@d2015.12 | |
| 215 | @a387页@d22cm | |
| 606 | 0 | @a法律@x中国 |
| 690 | @aD925.013@v4 | |
| 701 | 0 | @a周成泓@Azhou cheng hong@4著 |
| 801 | 0 | @aCN@bMUSE@c20181213 |
| 905 | @aMUSE@dD925.013@eZ752 | |
| 证据法基本问题的新探索/周成泓著.-北京:法律出版社,2015.12 |
| 387页;22cm |
| ISBN 7-5118-8783-X:CNY45.00 |
| ● |
| 相关链接 |
|
|
|
正题名:证据法基本问题的新探索
索取号:D925.013/Z752
 
预约/预借
| 序号 | 登录号 | 条形码 | 馆藏地/架位号 | 状态 | 备注 |
| 1 | 1300941 | 213009411 | 法学院资料室/ [索取号:D925.013/Z752] | 在馆 |